A passage to E.M. Forster's novels: (Record no. 11022)
[ view plain ]
| 000 -LEADER | |
|---|---|
| fixed length control field | 00754 a2200217 4500 |
| 010 ## - LIBRARY OF CONGRESS CONTROL NUMBER | |
| LC control number | ENG-89603 |
| 020 ## - INTERNATIONAL STANDARD BOOK NUMBER | |
| International Standard Book Number | 8181573641 |
| Terms of availability | 450.00 |
| 035 ## - SYSTEM CONTROL NUMBER | |
| System control number | EN-73136 |
| 037 ## - SOURCE OF ACQUISITION | |
| Source of stock number/acquisition | DBAD / PUB |
| 082 14 - DEWEY DECIMAL CLASSIFICATION NUMBER | |
| Classification number | 883.08 |
| 090 ## - LOCALLY ASSIGNED LC-TYPE CALL NUMBER (OCLC); LOCAL CALL NUMBER (OCLC) | |
| -- | 11329 |
| -- | 11329 |
| 245 1# - TITLE STATEMENT | |
| Title | A passage to E.M. Forster's novels: |
| Statement of responsibility, etc | edited by Yamuna Prasad |
| Remainder of title | a collection of critical essays/ |
| 260 ## - PUBLICATION, DISTRIBUTION, ETC. (IMPRINT) | |
| Place of publication, distribution, etc | Kolkata |
| Name of publisher, distributor, etc | Writers Workshop |
| Date of publication, distribution, etc | 2005 |
| 270 ## - ADDRESS | |
| Address | 162/92, Lake Gardens, |
| City | Kolkatta |
| Postal code | 700 045 |
| 300 ## - PHYSICAL DESCRIPTION | |
| Extent | 293p. |
| Dimensions | 22 cm ( Hb.) |
| 490 ## - SERIES STATEMENT | |
| Series statement | A Writers Workshop greybird book |
| 500 ## - GENERAL NOTE | |
| General note | Includes bibliographical references |
| 700 ## - ADDED ENTRY--PERSONAL NAME | |
| Personal name | Yamuna Prasad |
| 942 ## - ADDED ENTRY ELEMENTS (KOHA) | |
| Institution code [OBSOLETE] | dpl |
| Koha item type | English Books |
| Call number prefix | 883.08 / PAS |
| Withdrawn status | Lost status | Source of classification or shelving scheme | Damaged status | Not for loan | Collection code | Home library | Current library | Cost, normal purchase price | Total Checkouts | Full call number | Barcode | Date last seen | Copy number | Uniform Resource Identifier | Cost, replacement price | Price effective from | Koha item type |
|---|---|---|---|---|---|---|---|---|---|---|---|---|---|---|---|---|---|
| Dewey Decimal Classification | Not For Loan | Non-fiction | D.B.Act.Division | D.B.Act.Division | 450.00 | 883.08 | EN-73136 | 15/09/2008 | 1 | 12125 | 450.00 | 15/09/2008 | English Books |
